Statistics for Detroit Pistons 2018-19 Roster

Click here to take the quiz!

General Stats

  • This quiz has been taken 91 times
  • The average score is 7 of 21

Answer Stats

NbrPostPlayer% Correct
0CAndre Drummond
98%
23PFBlake Griffin
93%
1PGReggie Jackson
89%
7SFStanley Johnson
58%
-Head CoachDwane Casey
49%
5SGLuke Kennard
46%
6SGBruce Brown
40%
14PGIsh Smith
39%
25FReggie Bullock
35%
81PGJose Calderon
32%
30PFJon Leuer
28%
43SGKhyri Thomas
28%
9SGLangston Galloway
26%
24CZaza Pachulia
21%
8PFHenry Ellenson
19%
22SGGlenn Robinson III
12%
18GZach Lofton
7%
12PGKeenan Evans
4%
44PFChris McCullough
2%
24CJohnny Hamilton
2%
37SGReggie Hearn
2%

Score Distribution

Percentile by Number Answered

Percent of People with Each Score

Your Score History

You have not taken this quiz